[Event "World Championship (rapid) 2015"]
[Site "Berlin GER"]
[Date "2015.10.11"]
[Round "7"]
[White "Bacrot, Etienne"]
[Black "Mamedov, Rauf"]
[Result "1/2-1/2"]
[WhiteElo "2697"]
[BlackElo "2657"]
[PlyCount "60"]
[EventDate "2015.10.10"]

1. d4 d5 2. c4 c6 3. Nc3 Nf6 4. e3 Bf5 5. cxd5 cxd5 6. Qb3 Nc6 7. Qxb7 Bd7 8.
Qb3 Rb8 9. Qd1 e5 10. dxe5 Nxe5 11. Be2 Bd6 12. Nf3 Qc7 13. h3 O-O 14. O-O
Nxf3+ 15. Bxf3 Rfd8 16. a4 Bh2+ 17. Kh1 Be5 18. Nxd5 Nxd5 19. Bxd5 Be6 20. e4
Bxd5 21. exd5 Qc4 22. Be3 Bxb2 23. Rb1 Rxd5 24. Qg4 Qxg4 25. hxg4 Rb4 26. Bxa7
Ra5 27. Rfd1 h6 28. Be3 Raxa4 29. Bd2 Rb3 30. Bc1 Rab4 1/2-1/2

[Event "World Championship (rapid) 2015"]
[Site "Berlin GER"]
[Date "2015.10.11"]
[Round "7"]
[White "Korobov, Anton"]
[Black "Inarkiev, Ernesto"]
[Result "1-0"]
[WhiteElo "2700"]
[BlackElo "2660"]
[PlyCount "85"]
[EventDate "2015.10.10"]

1. d4 Nf6 2. c4 e6 3. Nc3 d5 4. cxd5 exd5 5. Bg5 c6 6. Qc2 Be7 7. e3 Nbd7 8.
Bd3 Nh5 9. Bxe7 Qxe7 10. Nge2 g6 11. O-O O-O 12. Rab1 Ng7 13. b4 a6 14. a4 Nb6
15. a5 Nd7 16. Na4 Nf6 17. Qc5 Re8 18. Qxe7 Rxe7 19. Ng3 h5 20. h4 Nfe8 21.
Rbe1 Nd6 22. f3 Ngf5 23. Bxf5 Bxf5 24. Nc5 Rae8 25. Kf2 f6 26. Re2 Be6 27. Rfe1
Kg7 28. e4 dxe4 29. Ngxe4 Nf5 30. Ng3 Kf7 31. Nxf5 gxf5 32. Nxe6 Rxe6 33. Rxe6
Rxe6 34. Rxe6 Kxe6 35. Ke3 Kd5 36. Kf4 Kc4 37. g4 fxg4 38. fxg4 hxg4 39. h5
Kxb4 40. h6 Kxa5 41. h7 Kb4 42. h8=Q a5 43. Qc8 1-0

[Event "World Championship (rapid) 2015"]
[Site "Berlin GER"]
[Date "2015.10.11"]
[Round "7"]
[White "Andreikin, Dmitry"]
[Black "Onischuk, Alexander"]
[Result "0-1"]
[WhiteElo "2720"]
[BlackElo "2662"]
[PlyCount "94"]
[EventDate "2015.10.10"]

1. e4 e5 2. Nf3 Nc6 3. d4 exd4 4. Nxd4 Nf6 5. Nxc6 bxc6 6. Qe2 Be7 7. e5 Nd5 8.
c4 Nb6 9. Qc2 d5 10. exd6 cxd6 11. Bd3 h6 12. O-O O-O 13. Nc3 d5 14. cxd5 cxd5
15. Be3 Bf6 16. Rad1 Be6 17. Bc5 Be7 18. Ne2 Rc8 19. Bxe7 Qxe7 20. Qd2 Nc4 21.
Bxc4 dxc4 22. Nd4 Bg4 23. Rde1 Qf6 24. Re4 Bh5 25. Rfe1 Rfd8 26. Rf4 Qd6 27. h4
Bg6 28. Qe3 Re8 29. Qxe8+ Rxe8 30. Rxe8+ Kh7 31. g3 Qb4 32. Nf3 Qxb2 33. Rxc4
Qb1+ 34. Re1 Qxa2 35. Rc7 a5 36. Ne5 Qd2 37. Rcc1 Bf5 38. Rcd1 Qa2 39. Nd7 h5
40. Re5 Bg4 41. Nf8+ Kh6 42. Rd6+ f6 43. Re7 Qb1+ 44. Kg2 a4 45. Ra7 Qe4+ 46.
Kh2 Bf3 47. Rb6 Qd4 0-1

[Event "World Championship (rapid) 2015"]
[Site "Berlin GER"]
[Date "2015.10.11"]
[Round "7"]
[White "Malakhov, Vladimir"]
[Black "Ponomariov, Ruslan"]
[Result "1-0"]
[WhiteElo "2694"]
[BlackElo "2710"]
[PlyCount "59"]
[EventDate "2015.10.10"]

1. Nf3 c5 2. e4 d6 3. d4 cxd4 4. Qxd4 a6 5. Be2 Nc6 6. Qe3 Nf6 7. c4 Bg4 8. O-O
g6 9. Nc3 Bg7 10. Bd2 O-O 11. Rac1 Nd7 12. h3 Bxf3 13. Bxf3 Nd4 14. Be2 Nc5 15.
Rfd1 b5 16. b4 Nce6 17. Bf1 Qd7 18. Nd5 Qa7 19. Qd3 Nc6 20. Be3 Ne5 21. Qe2 Qb7
22. cxb5 axb5 23. Qxb5 Rfb8 24. a4 Kf8 25. Qxb7 Rxb7 26. a5 Nd7 27. a6 Rbb8 28.
Nc7 Nxc7 29. Rxc7 Ke8 30. Rdc1 1-0

[Event "World Championship (rapid) 2015"]
[Site "Berlin GER"]
[Date "2015.10.11"]
[Round "7"]
[White "Agdestein, Simen"]
[Black "Riazantsev, Alexander"]
[Result "0-1"]
[WhiteElo "2606"]
[BlackElo "2646"]
[PlyCount "112"]
[EventDate "2015.10.10"]

1. d4 Nf6 2. c4 e6 3. Nf3 b6 4. g3 Bb4+ 5. Bd2 Be7 6. Bg2 Bb7 7. Nc3 c6 8. e4
d5 9. cxd5 cxd5 10. e5 Ne4 11. O-O O-O 12. Re1 Nxd2 13. Qxd2 Ba6 14. a3 Nc6 15.
b4 Bc4 16. Bf1 Bxf1 17. Kxf1 Qd7 18. Kg2 a6 19. Ne2 a5 20. b5 Na7 21. Reb1 Nxb5
22. Qd3 Na7 23. Rxb6 Rfb8 24. Rab1 Rxb6 25. Rxb6 Nc8 26. Rb1 Qa4 27. Qc3 Qc4
28. Qb2 h6 29. Nf4 a4 30. h4 Bf8 31. Nd2 Qa6 32. Qc3 Ne7 33. Nd3 Nf5 34. Nb4
Rc8 35. Nxa6 Rxc3 36. Nf3 Bxa3 37. Rb8+ Kh7 38. g4 Ne7 39. Rb7 Nc8 40. Rxf7 Be7
41. Nc5 a3 42. Nxe6 a2 43. Rxg7+ Kh8 44. g5 Rc6 45. Rg6 a1=Q 46. Rxh6+ Kg8 47.
h5 Qb1 48. Kg3 Rc3 49. Rg6+ Kf7 50. Nc5 Qd1 51. e6+ Ke8 52. Rg8+ Bf8 53. Rxf8+
Kxf8 54. Nd7+ Ke7 55. Nde5 Kxe6 56. h6 Ne7 0-1

[Event "World Championship (rapid) 2015"]
[Site "Berlin GER"]
[Date "2015.10.11"]
[Round "7"]
[White "Nikolic, Predrag"]
[Black "Dreev, Aleksey"]
[Result "0-1"]
[WhiteElo "2603"]
[BlackElo "2644"]
[PlyCount "74"]
[EventDate "2015.10.10"]

1. d4 d5 2. c4 c6 3. Nc3 Nf6 4. e3 e6 5. Nf3 Nbd7 6. Be2 b6 7. O-O Bb7 8. b3
Bd6 9. a4 a5 10. Qc2 O-O 11. Bb2 Qe7 12. e4 dxe4 13. Nxe4 Nxe4 14. Qxe4 f5 15.
Qe3 c5 16. Rad1 Rae8 17. Rfe1 Nf6 18. Ne5 Ne4 19. Bf1 Rd8 20. Nd3 Qc7 21. f4 g5
22. dxc5 bxc5 23. Ne5 Qg7 24. Ba1 gxf4 25. Qxf4 Bc7 26. h4 Rd4 27. Rxd4 cxd4
28. Bxd4 Rd8 29. Ba1 Ng3 30. c5 Rd1 31. Qc4 Rxe1 32. Qxe6+ Kf8 33. Nd7+ Qxd7
34. Qxe1 Nxf1 35. Qxf1 Qd5 36. Kh1 Qe4 37. Bf6 Kf7 0-1

[Event "World Championship (rapid) 2015"]
[Site "Berlin GER"]
[Date "2015.10.11"]
[Round "7"]
[White "Kovalenko, Igor"]
[Black "Kravtsiv, Martyn"]
[Result "1-0"]
[WhiteElo "2700"]
[BlackElo "2621"]
[PlyCount "99"]
[EventDate "2015.10.10"]

1. c4 e6 2. Nc3 d5 3. d4 Be7 4. Bf4 Nf6 5. e3 O-O 6. a3 b6 7. Nb5 Na6 8. Nf3
Bb7 9. Rc1 c6 10. Nc3 Nc7 11. h3 Rc8 12. Be5 c5 13. dxc5 Bxc5 14. Be2 dxc4 15.
Bxc4 Qxd1+ 16. Rxd1 Ncd5 17. Nxd5 Nxd5 18. Bb3 Ba6 19. Bxd5 exd5 20. Kd2 Bc4
21. Bd4 f6 22. h4 Bd6 23. Rc1 b5 24. Bc3 b4 25. axb4 Rb8 26. Nd4 Be5 27. Nc2
Rfe8 28. Ra1 a6 29. Ra3 Kf7 30. Ra5 Bd6 31. Rc1 Kg6 32. Raa1 Kh5 33. Nd4 Be5
34. g4+ Kg6 35. h5+ Kf7 36. Nf5 Kf8 37. Rh1 Kg8 38. Ra5 Rb6 39. Rc5 Bd6 40.
Nxd6 Rxd6 41. h6 Re7 42. Rc8+ Kf7 43. hxg7 Kxg7 44. g5 Rf7 45. gxf6+ Kg6 46.
Re8 Rdd7 47. Rg1+ Kf5 48. Bd4 Rb7 49. f3 h5 50. f4 1-0

[Event "World Championship (rapid) 2015"]
[Site "Berlin GER"]
[Date "2015.10.11"]
[Round "7"]
[White "Grischuk, Alexander"]
[Black "Fedoseev, Vladimir3"]
[Result "1/2-1/2"]
[WhiteElo "2774"]
[BlackElo "2659"]
[PlyCount "194"]
[EventDate "2015.10.10"]

1. Nf3 d5 2. d4 Nf6 3. c4 c6 4. Nc3 dxc4 5. a4 Bf5 6. Ne5 Nbd7 7. Nxc4 Qc7 8.
g3 e5 9. dxe5 Nxe5 10. Bf4 Nfd7 11. Bg2 f6 12. O-O Be6 13. Nxe5 Nxe5 14. a5 a6
15. Qa4 Bc5 16. Rac1 O-O 17. Ne4 Ba7 18. Nc5 Qf7 19. Qb4 Bxc5 20. Qxc5 Ng6 21.
Be3 Rfd8 22. Rfd1 Bb3 23. Rd4 Rxd4 24. Qxd4 Re8 25. h3 Ne7 26. Qd3 Bd5 27. Bc5
Bxg2 28. Kxg2 Nd5 29. Rc4 f5 30. e4 fxe4 31. Rxe4 Rxe4 32. Qxe4 Nf6 33. Qf5 Qe8
34. Bd4 Nd7 35. g4 h6 36. h4 Nf8 37. h5 Ne6 38. Bc3 Qd7 39. Kg3 c5 40. f4 Qd6
41. Qe4 Kf8 42. Qf5+ Kg8 43. Qe4 Kf8 44. Be5 Qd7 45. Qf5+ Kg8 46. g5 hxg5 47.
fxg5 c4 48. g6 Qe7 49. Bc3 Qd6+ 50. Qe5 Qd3+ 51. Kg4 Qd7 52. Kg3 Qd3+ 53. Kf2
Qc2+ 54. Qe2 Qf5+ 55. Ke1 Qd5 56. Qe5 Qh1+ 57. Kd2 Qg2+ 58. Kc1 Qf1+ 59. Kc2
Qd3+ 60. Kc1 Qf1+ 61. Kd2 Qf2+ 62. Qe2 Qf4+ 63. Kd1 Qd6+ 64. Kc1 Qd5 65. Qe5
Qh1+ 66. Kc2 Qc6 67. Kb1 Qh1+ 68. Ka2 Qc6 69. Ka3 Qd7 70. h6 Qe7+ 71. Bb4 Qe8
72. h7+ Kh8 73. Qe4 Qc8 74. Qd5 Qe8 75. Qe4 Qc8 76. Ka2 Qd7 77. Qxc4 Qa4+ 78.
Kb1 Qd1+ 79. Qc1 Qxc1+ 80. Kxc1 Nf4 81. Kd2 Nxg6 82. Kc3 Ne5 83. Bd6 Nc6 84. b4
Kxh7 85. Kc4 Kg6 86. Kc5 Na7 87. Kb6 Nc8+ 88. Kc7 Nxd6 89. Kxd6 Kf7 90. Kc7 g5
91. Kxb7 g4 92. b5 axb5 93. a6 g3 94. a7 g2 95. a8=Q g1=Q 96. Qa2+ Kf8 97. Kc6
b4 1/2-1/2

[Event "World Championship (rapid) 2015"]
[Site "Berlin GER"]
[Date "2015.10.11"]
[Round "7"]
[White "Rublevsky, Sergei"]
[Black "Zvjaginsev, Vadim"]
[Result "1/2-1/2"]
[WhiteElo "2702"]
[BlackElo "2660"]
[PlyCount "55"]
[EventDate "2015.10.10"]

1. e4 e6 2. d4 d5 3. Nd2 c5 4. Ngf3 Nc6 5. exd5 exd5 6. Bb5 Qe7+ 7. Be2 Nf6 8.
O-O Qc7 9. Re1 cxd4 10. Nb3 Bb4 11. Bd2 Bxd2 12. Qxd2 O-O 13. Nfxd4 Bd7 14.
Nxc6 bxc6 15. Nc5 Bf5 16. Bf3 Rfe8 17. h3 h6 18. c3 Be4 19. Bxe4 Nxe4 20. Nxe4
dxe4 21. Rad1 Qa5 22. b4 Qa4 23. Qd4 a5 24. Rd2 axb4 25. cxb4 Rab8 26. Rxe4
Rxe4 27. Qxe4 c5 28. g3 1/2-1/2

[Event "World Championship (rapid) 2015"]
[Site "Berlin GER"]
[Date "2015.10.11"]
[Round "7"]
[White "Sasikiran, Krishnan"]
[Black "Vachier-Lagrave, Maxime"]
[Result "1/2-1/2"]
[WhiteElo "2639"]
[BlackElo "2758"]
[PlyCount "82"]
[EventDate "2015.10.10"]

1. d4 Nf6 2. Nf3 g6 3. Bg5 Bg7 4. Nbd2 c5 5. e3 b6 6. c3 Bb7 7. Bh4 O-O 8. Be2
d6 9. O-O Qc7 10. Bd3 Nc6 11. Re1 e5 12. dxe5 dxe5 13. Qc2 Rfe8 14. e4 Nh5 15.
Rad1 h6 16. Bf1 Bf6 17. Bg3 Nxg3 18. hxg3 Ne7 19. Nc4 Red8 20. Ne3 Qc6 21. Qb3
Kg7 22. Bc4 Rxd1 23. Rxd1 Qxe4 24. Bxf7 Qc6 25. Bc4 a6 26. Nd5 Rd8 27. Nxf6
Rxd1+ 28. Qxd1 Qxf6 29. Qd7 Bxf3 30. gxf3 b5 31. Bd5 h5 32. Kg2 Kh6 33. Be4 Nf5
34. Bxf5 gxf5 35. a4 bxa4 36. Qxa4 f4 37. Qe8 fxg3 38. fxg3 Qd6 39. Kh3 Qf6 40.
Kg2 Qd6 41. Kh3 Qf6 1/2-1/2

[Event "World Championship (rapid) 2015"]
[Site "Berlin GER"]
[Date "2015.10.11"]
[Round "7"]
[White "Dlugy, Maxim"]
[Black "Dominguez Perez, Leinier"]
[Result "0-1"]
[WhiteElo "2518"]
[BlackElo "2732"]
[PlyCount "52"]
[EventDate "2015.10.10"]

1. d4 Nf6 2. Bf4 g6 3. Nc3 d5 4. Qd2 Bg7 5. f3 c5 6. dxc5 Nc6 7. e4 d4 8. Nb5
O-O 9. O-O-O e5 10. Bg5 Be6 11. Kb1 b6 12. cxb6 Qxb6 13. c4 a6 14. Na3 Rfb8 15.
Ka1 Nd7 16. Rb1 Nc5 17. Ne2 Bf8 18. Nc1 Rb7 19. Bh6 Be7 20. Bd3 Rab8 21. Nc2
Na5 22. Qe2 Nxd3 23. Nxd3 Bxc4 24. Qd2 Bxa2 25. b4 Bxb1 26. Rxb1 Nc4 0-1

[Event "World Championship (rapid) 2015"]
[Site "Berlin GER"]
[Date "2015.10.11"]
[Round "7"]
[White "Morozevich, Alexander"]
[Black "Kovalev, Vladislav"]
[Result "1/2-1/2"]
[WhiteElo "2711"]
[BlackElo "2546"]
[PlyCount "128"]
[EventDate "2015.10.10"]

1. e4 e5 2. Nf3 Nc6 3. d4 exd4 4. Nxd4 Nf6 5. Nxc6 bxc6 6. e5 Qe7 7. Qe2 Nd5 8.
h4 a5 9. Nd2 Ba6 10. c4 Nb6 11. g3 g6 12. h5 Bg7 13. f4 Rg8 14. hxg6 hxg6 15.
b3 d5 16. Qf3 O-O-O 17. cxd5 Bxf1 18. Kxf1 Rxd5 19. Ne4 f6 20. Be3 fxe5 21. Rc1
Kb7 22. Nc3 Rd3 23. Qe4 Qd7 24. Rh7 exf4 25. Bxf4 Re8 26. Rxg7 Rxe4 27. Rxd7
Rxf4+ 28. gxf4 Rxd7 29. Ne4 Rf7 30. Nc5+ Kc8 31. Nd3 Nd5 32. Rxc6 Nxf4 33. Nxf4
Rxf4+ 34. Ke2 Rg4 35. Kf3 Rg5 36. Kf4 Rg2 37. a3 Kb7 38. Rc5 Kb6 39. b4 axb4
40. axb4 Rb2 41. Rg5 Rxb4+ 42. Ke3 Rc4 43. Rxg6+ Rc6 44. Rg1 Rd6 45. Ke2 c6 46.
Rc1 Kb5 47. Rb1+ Ka4 48. Rc1 Kb3 49. Ke3 Kb2 50. Rc5 Kb3 51. Rc1 Kb4 52. Rb1+
Kc5 53. Rc1+ Kb6 54. Rb1+ Kc7 55. Rc1 Rd5 56. Ke2 Kb6 57. Rb1+ Kc5 58. Rc1+ Kb5
59. Rb1+ Ka4 60. Ra1+ Kb3 61. Rb1+ Kc2 62. Rb6 c5 63. Ke3 c4 64. Ke4 Rd8
1/2-1/2

[Event "World Championship (rapid) 2015"]
[Site "Berlin GER"]
[Date "2015.10.11"]
[Round "7"]
[White "Socko, Bartosz"]
[Black "Eljanov, Pavel"]
[Result "1-0"]
[WhiteElo "2599"]
[BlackElo "2717"]
[PlyCount "115"]
[EventDate "2015.10.10"]

1. e4 c6 2. d4 d5 3. exd5 cxd5 4. Bd3 Nc6 5. c3 Nf6 6. h3 g6 7. Nf3 Bf5 8. Bxf5
gxf5 9. O-O e6 10. Ne1 Qc7 11. Nd3 Bd6 12. Qf3 Rg8 13. Bf4 O-O-O 14. Na3 a6 15.
Rfe1 Kb8 16. Bxd6 Qxd6 17. Qf4 Ne4 18. f3 Ng3 19. Qxd6+ Rxd6 20. Nf4 Rg7 21.
Kf2 Ne7 22. Rad1 Ng8 23. c4 Nf6 24. Re5 dxc4 25. Nxc4 Rd8 26. d5 Ngh5 27. Nxh5
Nxh5 28. g4 Nf4 29. dxe6 Rxd1 30. e7 Rg8 31. e8=R+ Rxe8 32. Rxe8+ Ka7 33. Kg3
Rd4 34. b3 fxg4 35. hxg4 Ng6 36. Ne5 Rd2 37. Nxf7 Rxa2 38. Ng5 Ra3 39. Nxh7
Rxb3 40. Re6 Rb6 41. Rxb6 Kxb6 42. f4 a5 43. f5 Ne7 44. Nf8 Nd5 45. g5 a4 46.
f6 Nxf6 47. gxf6 a3 48. Nd7+ Kc6 49. Nc5 a2 50. Nb3 Kd6 51. Kf4 Ke6 52. Kg5 Kf7
53. Kf5 b6 54. Na1 Kf8 55. Ke6 Ke8 56. f7+ Kf8 57. Nb3 b5 58. Na1 1-0

[Event "World Championship (rapid) 2015"]
[Site "Berlin GER"]
[Date "2015.10.11"]
[Round "8"]
[White "Zhigalko, Sergei"]
[Black "Kryvoruchko, Yuriy"]
[Result "1/2-1/2"]
[WhiteElo "2656"]
[BlackElo "2710"]
[PlyCount "101"]
[EventDate "2015.10.10"]

1. e4 e5 2. Nf3 Nc6 3. Bb5 Nf6 4. O-O Nxe4 5. d4 Nd6 6. Bxc6 dxc6 7. dxe5 Nf5
8. Qxd8+ Kxd8 9. Nc3 Bd7 10. h3 h6 11. b3 Kc8 12. Bb2 b6 13. Rad1 Ne7 14. Ne2
a5 15. Rd2 c5 16. Rfd1 Bf5 17. Nf4 Kb7 18. e6 Bxe6 19. Nxe6 fxe6 20. Re1 Nc6
21. Rxe6 a4 22. Ne5 Nd4 23. Bxd4 cxd4 24. Ng6 axb3 25. axb3 Bb4 26. Rxd4 Bc5
27. Rd1 Rhe8 28. Rxe8 Rxe8 29. Kf1 Kc6 30. Nf4 Bb4 31. h4 b5 32. g3 Bd6 33. Nd3
Kd5 34. c4+ Kc6 35. c5 Bf8 36. b4 g5 37. hxg5 hxg5 38. f4 gxf4 39. gxf4 Bg7 40.
Kf2 Bd4+ 41. Kf3 Re3+ 42. Kg4 Bc3 43. Kf5 Kb7 44. Kg4 Kc6 45. f5 Re4+ 46. Kf3
Rh4 47. Rc1 Rh3+ 48. Ke4 Rh4+ 49. Kf3 Rh3+ 50. Ke4 Rh4+ 51. Kf3 1/2-1/2

[Event "World Championship (rapid) 2015"]
[Site "Berlin GER"]
[Date "2015.10.11"]
[Round "8"]
[White "Aronian, Levon"]
[Black "Kovalenko, Igor"]
[Result "0-1"]
[WhiteElo "2784"]
[BlackElo "2700"]
[PlyCount "60"]
[EventDate "2015.10.10"]

1. c4 e5 2. Nc3 Nf6 3. Nf3 Nc6 4. g3 Nd4 5. Bg2 Nxf3+ 6. Bxf3 Bb4 7. O-O O-O 8.
Qb3 a5 9. Rd1 Re8 10. d3 h6 11. Bg2 Ra6 12. h3 Rae6 13. Be3 d6 14. Na4 b6 15.
a3 Bc5 16. Bd2 Nh5 17. Nxc5 dxc5 18. Bf3 Nf6 19. Qc2 Qe7 20. Bg2 e4 21. Re1 e3
22. Bc1 Nh5 23. Rf1 exf2+ 24. Rxf2 Nxg3 25. e4 Rg6 26. Qd1 f5 27. exf5 Nxf5 28.
Kh2 Qh4 29. Qf3 Bb7 30. Qxb7 Qxf2 0-1

[Event "World Championship (rapid) 2015"]
[Site "Berlin GER"]
[Date "2015.10.11"]
[Round "8"]
[White "Kramnik, Vladimir"]
[Black "Dubov, Daniil"]
[Result "1-0"]
[WhiteElo "2777"]
[BlackElo "2661"]
[PlyCount "91"]
[EventDate "2015.10.10"]

1. d4 d5 2. Bf4 Nf6 3. e3 c6 4. c4 e6 5. Nc3 Bd6 6. Bxd6 Qxd6 7. Nf3 O-O 8. Qc2
Nbd7 9. Rd1 b6 10. Be2 Bb7 11. O-O Qe7 12. e4 dxe4 13. Nxe4 c5 14. Nc3 cxd4 15.
Nxd4 Rfd8 16. Rd2 Nc5 17. Bf3 Bxf3 18. Nxf3 Rxd2 19. Qxd2 Rd8 20. Qe2 Nd3 21.
Rd1 Nf4 22. Qf1 h6 23. g3 Ng6 24. Qe2 Rxd1+ 25. Qxd1 Qb4 26. Qe2 Ne7 27. a3 Qc5
28. b4 Qc8 29. Qd3 Nc6 30. Nb5 e5 31. Nd2 a5 32. c5 axb4 33. cxb6 Qa6 34. Qc4
Qxb6 35. axb4 Nd8 36. Nc3 Ne6 37. b5 Nd4 38. Qc8+ Kh7 39. Nc4 Qa7 40. Kg2 e4
41. b6 Qa1 42. b7 Nf3 43. Nxe4 Qg1+ 44. Kxf3 Qh1+ 45. Ke2 Qxe4+ 46. Ne3 1-0

[Event "World Championship (rapid) 2015"]
[Site "Berlin GER"]
[Date "2015.10.11"]
[Round "8"]
[White "Khismatullin, Denis"]
[Black "Mamedyarov, Shakhriyar"]
[Result "1/2-1/2"]
[WhiteElo "2651"]
[BlackElo "2736"]
[PlyCount "122"]
[EventDate "2015.10.10"]

1. d4 Nf6 2. c4 b6 3. Nc3 Bb7 4. Nf3 d5 5. Bf4 e6 6. e3 a6 7. Rc1 Bd6 8. Bg5
Nbd7 9. cxd5 exd5 10. Bd3 O-O 11. O-O h6 12. Bh4 Re8 13. Bf5 Nf8 14. Qb3 g6 15.
Bb1 N8h7 16. Rfd1 Kg7 17. a3 Rc8 18. Ba2 Qd7 19. Qc2 Qg4 20. Bg3 Bxg3 21. hxg3
Qe6 22. Ne2 Qd6 23. Nf4 Nd7 24. b4 Ng5 25. Qb3 c6 26. a4 b5 27. a5 Qf6 28. Bb1
h5 29. Qc3 Kh6 30. Re1 Ne4 31. Bxe4 dxe4 32. Nd2 g5 33. Ne2 Qf5 34. Qb2 h4 35.
gxh4 gxh4 36. Nf4 Rg8 37. Qb1 Rce8 38. f3 c5 39. bxc5 Bc6 40. Rf1 Nf6 41. fxe4
Nxe4 42. Nf3 h3 43. Rc2 Rg3 44. Qd1 Reg8 45. d5 Qxd5 46. Qxd5 Bxd5 47. Nd4 hxg2
48. Nf5+ Kh7 49. Rd1 Bb3 50. Nxg3 Bxc2 51. Rc1 Rxg3 52. Rxc2 Rxe3 53. c6 Nd6
54. c7 b4 55. Nd5 b3 56. Nxe3 bxc2 57. Nxc2 Kg6 58. Nb4 Kf6 59. Nxa6 Ke7 60.
Nc5 Nc8 61. a6 Kd6 1/2-1/2

[Event "World Championship (rapid) 2015"]
[Site "Berlin GER"]
[Date "2015.10.11"]
[Round "8"]
[White "Nguyen, Ngoc Truong Son"]
[Black "Korobov, Anton"]
[Result "0-1"]
[WhiteElo "2634"]
[BlackElo "2700"]
[PlyCount "124"]
[EventDate "2015.10.10"]

1. e4 c5 2. Nf3 d6 3. d4 cxd4 4. Nxd4 Nf6 5. Nc3 a6 6. h3 e6 7. g4 h6 8. Bg2
Be7 9. Be3 Nc6 10. O-O O-O 11. f4 Nd7 12. Kh1 Nxd4 13. Qxd4 Rb8 14. Qd2 b5 15.
Ne2 Bb7 16. Rad1 Rc8 17. Ng3 Qc7 18. c3 Qc4 19. e5 Bxg2+ 20. Qxg2 d5 21. Bd4 b4
22. f5 Bh4 23. Nh5 bxc3 24. bxc3 Qa4 25. Rg1 Nc5 26. g5 hxg5 27. Nxg7 Ne4 28.
Nh5 exf5 29. Rdf1 Rc6 30. Rxf5 Rg6 31. Nf6+ Nxf6 32. Rxf6 Rxf6 33. exf6 Re8 34.
Qg4 Re4 35. Qh5 Qa3 36. Rb1 Qf8 37. Rg1 Qc8 38. Qf3 Qe6 39. Rg2 Re1+ 40. Bg1
Qe4 41. Qg4 Qxg4 42. hxg4 Rc1 43. Rd2 Kh7 44. Kg2 Rxc3 45. Bh2 Kg6 46. Be5 Ra3
47. Rxd5 Rxa2+ 48. Kf3 Ra3+ 49. Ke2 Bg3 50. Bd4 Bc7 51. Rd7 Ba5 52. Rd5 Bc3 53.
Bxc3 Rxc3 54. Rd6 Rc4 55. Kf3 Rf4+ 56. Kg3 Rxf6 57. Rd5 Rb6 58. Ra5 f6 59. Kf3
Re6 60. Rc5 Kf7 61. Rc7+ Ke8 62. Ra7 Kd8 0-1

[Event "World Championship (rapid) 2015"]
[Site "Berlin GER"]
[Date "2015.10.11"]
[Round "8"]
[White "Svidler, Peter"]
[Black "Malakhov, Vladimir"]
[Result "1/2-1/2"]
[WhiteElo "2727"]
[BlackElo "2694"]
[PlyCount "125"]
[EventDate "2015.10.10"]

1. Nf3 d5 2. g3 Nf6 3. Bg2 c6 4. d3 Bg4 5. Nbd2 Nbd7 6. h3 Bxf3 7. Nxf3 e6 8.
O-O Bc5 9. Qe1 O-O 10. e4 dxe4 11. dxe4 e5 12. a4 a5 13. Qe2 Qc7 14. Bd2 Rfe8
15. Rad1 Nf8 16. Bg5 Be7 17. b3 Ne6 18. Bc1 Nd7 19. h4 Rad8 20. Bh3 Ndc5 21.
Bb2 Bf6 22. Qc4 b6 23. Ba3 h5 24. Qe2 g6 25. Rxd8 Rxd8 26. Rd1 Kg7 27. Rxd8
Qxd8 28. Bb2 Qd6 29. Bc3 Nd7 30. Qd2 Qxd2 31. Nxd2 Ndc5 32. Bxe6 fxe6 33. f3
Nd7 34. Nc4 Kf7 35. Kf2 Ke7 36. Ke2 Kf7 37. Bd2 Bd8 38. Be3 Bc7 39. c3 Ke8 40.
Kd3 Kd8 41. Kc2 Kc8 42. Bg5 Kb7 43. Be7 b5 44. Nb2 Kb6 45. Nd3 c5 46. axb5 Kxb5
47. Nb2 Nb6 48. Kd3 c4+ 49. bxc4+ Kc6 50. Kc2 a4 51. Bb4 Bd6 52. Bxd6 Kxd6 53.
Kb1 Kc5 54. Nd3+ Kxc4 55. Nxe5+ Kb3 56. Nxg6 Nc4 57. Nf4 Nd2+ 58. Ka1 Nxf3 59.
Nxe6 Kxc3 60. Ka2 Kd3 61. Nf4+ Kxe4 62. Nxh5 Kf5 63. Ka3 1/2-1/2

[Event "World Championship (rapid) 2015"]
[Site "Berlin GER"]
[Date "2015.10.11"]
[Round "8"]
[White "Onischuk, Alexander"]
[Black "Tomashevsky, Evgeny"]
[Result "1-0"]
[WhiteElo "2662"]
[BlackElo "2758"]
[PlyCount "90"]
[EventDate "2015.10.10"]

1. d4 d5 2. c4 e6 3. Nf3 c6 4. e3 f5 5. Bd3 Nf6 6. O-O Bd6 7. b3 Qe7 8. Bb2 O-O
9. Qc1 b6 10. cxd5 cxd5 11. Ba3 Ba6 12. Bxd6 Qxd6 13. Bxa6 Nxa6 14. Qb2 Nb4 15.
a3 Nc6 16. Nc3 Rac8 17. Rac1 Ne4 18. Rc2 Nxc3 19. Rxc3 Ne7 20. Rfc1 Rxc3 21.
Rxc3 f4 22. exf4 Rxf4 23. Qc1 h6 24. Rc7 Re4 25. Rxa7 Qc6 26. Rc7 Qxc1+ 27.
Rxc1 Nf5 28. Kf1 Nxd4 29. Nxd4 Rxd4 30. Rc6 Rd1+ 31. Ke2 Ra1 32. Rxe6 Rxa3 33.
Rxb6 Ra2+ 34. Ke3 d4+ 35. Kxd4 Rxf2 36. Rg6 Kf7 37. Rg3 Rd2+ 38. Kc3 Ra2 39. b4
g5 40. b5 Ke6 41. Kb3 Rf2 42. Rd3 Rxg2 43. b6 Rg1 44. Ka4 Rb1 45. Ka5 Rb2 1-0

[Event "World Championship (rapid) 2015"]
[Site "Berlin GER"]
[Date "2015.10.11"]
[Round "8"]
[White "Riazantsev, Alexander"]
[Black "Kasimdzhanov, Rustam"]
[Result "1/2-1/2"]
[WhiteElo "2646"]
[BlackElo "2704"]
[PlyCount "69"]
[EventDate "2015.10.10"]

1. d4 d5 2. c4 e6 3. Nc3 Nf6 4. cxd5 exd5 5. Bg5 c6 6. e3 Be7 7. Bd3 Nbd7 8.
Qc2 Nh5 9. Bxe7 Qxe7 10. Nge2 g6 11. O-O O-O 12. Rae1 Nb6 13. Nc1 Ng7 14. f3
Bf5 15. e4 dxe4 16. fxe4 Be6 17. N3e2 Rad8 18. a3 f5 19. e5 Nd5 20. Rf3 Nh5 21.
Nb3 f4 22. Nc5 Bg4 23. Be4 Bxf3 24. Bxf3 Ng7 25. Qb3 Rf7 26. Nc3 Nb6 27. Rd1
Nf5 28. Ne6 Re8 29. Nxf4 Ne3 30. Rd3 Kg7 31. Nh5+ gxh5 32. Rxe3 Ref8 33. Qd1
Qg5 34. Rd3 Qg6 35. b3 1/2-1/2

[Event "World Championship (rapid) 2015"]
[Site "Berlin GER"]
[Date "2015.10.11"]
[Round "8"]
[White "Dreev, Aleksey"]
[Black "Bocharov, Dmitry"]
[Result "0-1"]
[WhiteElo "2644"]
[BlackElo "2560"]
[PlyCount "138"]
[EventDate "2015.10.10"]

1. d4 Nf6 2. c4 e6 3. Nc3 Bb4 4. Qc2 c5 5. dxc5 O-O 6. Nf3 Na6 7. g3 Nxc5 8.
Bg2 b6 9. O-O Bb7 10. Nb5 Be4 11. Qd1 Nb7 12. a3 Be7 13. Bf4 a6 14. Nc3 Bc6 15.
b4 Rc8 16. Rc1 d6 17. Qb3 Qc7 18. Rfd1 Qb8 19. Be3 Nd7 20. Bh3 Nd8 21. Nd4 Ba8
22. Nd5 exd5 23. Bxd7 dxc4 24. Qa4 Qb7 25. f3 Rc7 26. Bh3 b5 27. Qc2 g6 28. Bf4
Nc6 29. Nxc6 Rxc6 30. Qc3 Rd8 31. Be3 d5 32. Bd4 Qc7 33. f4 Bf8 34. Rd2 Qe7 35.
Rcd1 a5 36. Rb1 axb4 37. axb4 Ra6 38. Bg2 Qe6 39. h3 Bc6 40. g4 Rda8 41. f5 Qe8
42. fxg6 hxg6 43. Qg3 Bg7 44. Bxg7 Kxg7 45. Qc3+ Kg8 46. Kh1 Ra2 47. Rf1 Rxd2
48. Qxd2 d4 49. Qxd4 Bxg2+ 50. Kxg2 Ra2 51. Rf2 Rxe2 52. Qd5 Re5 53. Qf3 Re3
54. Qd5 Rd3 55. Qb7 c3 56. Qc7 Qe4+ 57. Kh2 Qd5 58. Qc8+ Kh7 59. Qc7 Rd2 60.
Kg1 Rd1+ 61. Kh2 Rd2 62. Kg3 Rxf2 63. Kxf2 Qd2+ 64. Kf3 Qd3+ 65. Kf4 Qd4+ 66.
Kf3 Kg7 67. g5 Qd3+ 68. Kf2 c2 69. Qe5+ Kh7 0-1

[Event "World Championship (rapid) 2015"]
[Site "Berlin GER"]
[Date "2015.10.11"]
[Round "8"]
[White "Ivanchuk, Vassily"]
[Black "Socko, Bartosz"]
[Result "1-0"]
[WhiteElo "2726"]
[BlackElo "2599"]
[PlyCount "115"]
[EventDate "2015.10.10"]

1. e4 e6 2. d4 d5 3. Nc3 Bb4 4. exd5 exd5 5. Bd3 Nc6 6. Nge2 Be6 7. O-O Qd7 8.
Na4 Nf6 9. Bg5 Be7 10. Nc5 Bxc5 11. dxc5 Ne4 12. Be3 a6 13. f3 Nf6 14. Nd4 O-O
15. Qd2 Nxd4 16. Bxd4 Bf5 17. Bxf6 gxf6 18. Qf4 Bxd3 19. cxd3 Kg7 20. h4 Rae8
21. Rae1 Re6 22. Rxe6 fxe6 23. d4 Re8 24. Re1 Qe7 25. Qg3+ Kh8 26. f4 b6 27.
cxb6 cxb6 28. h5 Qb4 29. Qf2 Kg7 30. Re3 Kf7 31. Rc3 Re7 32. h6 Ke8 33. Rc8+
Kd7 34. Rc3 Kd6 35. Qd2 Qa4 36. b3 Qa5 37. b4 Qa4 38. a3 Rc7 39. Rxc7 Kxc7 40.
Qd3 f5 41. Kf2 Kd6 42. Kg3 a5 43. Qe3 Qd1 44. Qe5+ Kd7 45. Qg7+ Kc6 46. Kh4
axb4 47. axb4 Kb5 48. Kg5 Qg4+ 49. Kf6 Qxf4 50. Qxh7 Qxd4+ 51. Kf7 Qf4 52. Qg7
Qc7+ 53. Kxe6 Qc6+ 54. Kxf5 Qc2+ 55. Ke6 Qe4+ 56. Kd6 Kc4 57. h7 Qf4+ 58. Kc6
1-0